Statistics for Trumbull County, OH: Cities, Villages & Townships

Click here to take the quiz!

General Stats

  • This quiz has been taken 6 times
  • The average score is 11 of 35

Answer Stats

First LetterPopulationTypeAnswer% Correct
N19,266CityNiles
100%
W38,382CityWarren
100%
W7,817TownshipWarren
100%
C7,104CityCortland
80%
H18,415TownshipHowland
80%
G9,958CityGirard
60%
H14,304TownshipHubbard
60%
H7,874CityHubbard
60%
V4,021TownshipVienna
60%
B6,306TownshipBazetta
40%
C9,762TownshipChampion
40%
K1,943TownshipKinsman
40%
L21,982TownshipLiberty
40%
L3,417VillageLordstown
40%
N9,524TownshipNewton
40%
N4,795VillageNewton Falls
40%
B10,020TownshipBrookfield
20%
M3,263VillageMcDonald
20%
S3,817TownshipSouthington
20%
Y79VillageYankee Lake
20%
B1,097TownshipBloomfield
0%
B2,887TownshipBraceville
0%
B3,184VillageBristol
0%
F2,353TownshipFarmington
0%
F2,733TownshipFowler
0%
G986TownshipGreene
0%
G948TownshipGutstavus
0%
H2,104TownshipHartford
0%
J2,040TownshipJohnston
0%
M2,892TownshipMecca
0%
M3,051TownshipMesopotamia
0%
O197VillageOrangeville
0%
V1,765TownshipVernon
0%
W27,717TownshipWeathersfield
0%
W499VillageWest Farmington
0%

Score Distribution

Percentile by Number Answered

Percent of People with Each Score

Your Score History

You have not taken this quiz